00354 a2200109 4500001001000000005001700010008004100027245006700068100002300135773006900158999001700227ART_1455020260410161912.0260409a 10aInternational comparisons of the residential demand for energy1 aPindyck, Robert S.0 tEuropean economic reviewg- Vol. 13, NÂș 1 (ene. 1980)wREV13346 c26907d26907